Provinces (Voivodeships) of the Polish-Lithuanian Commonwealth with a Map - Statistics

General Stats
  • This quiz has been taken 3,272 times
  • The average score is 15 of 43
Answers on the Map
Answers color-coded by a green-red scale on the quiz's map according to % correct below.
 
Answer Stats
Subdivision % Correct
Kraków
82%
Kiev
81%
Vilnius
79%
Prussia
77%
Minsk
75%
Courland
63%
Poznań
61%
Smolensk
60%
Pomerania
58%
Masovia
56%
Lublin
53%
Brest-Litovsk
50%
Kuyavian Brest
50%
Warmia
38%
Vitebsk
34%
Volhynia
33%
Dorpat
32%
Ruthenia
32%
Płock
30%
Samogitia
30%
Podlaskie
27%
Polotsk
27%
Podolia
26%
Kalisz
25%
Malbork
24%
Sandomierz
23%
Chernihiv
22%
Spiš
21%
Trakai
21%
Belz
19%
Chełmno
19%
Parnawa
19%
Sieradz
18%
Bratslav
17%
Inowrocław
17%
Rawa
17%
Łęczyca
16%
Novogrudok
16%
Lębork
15%
Bytów
13%
Wenden
13%
Siewierz
12%
Mstsislaw
11%
No matching quizzes found
Score Distribution
Percent of People with Each Score
Percentile by Number Answered
Your Score History
You have not taken this quiz